00351nam a2200121Ia 4500008004100000040001600041041001200057082001700069100001500086245006700101260004200168300001900210230917s9999||||xx |||||||||||||| ||und|| e87964aMAIN aEnglish a726.14 D536I aDhaky, M A 0aIndian temple forms in Karnataka inscriptions and architecture aNew DelhibAbhinav Publicationsc1977 avi, 59 p. + 51